000 00515nam a2200157 a 4500
001 000028202
005 20200930031432.0
008 110407s1989 dr 000 | spa d
040 _aDO-SdBNP
_bspa
_cBNPHU
082 _axxx
_bT853f
100 1 _aTroncoso Sánchez, Wenceslao
_955199
245 1 3 _aEl frustrado viaje de Duarte a Lima, Perú :
_bun aumento a la historia dominicana /
_cWenceslao Troncoso Sanchez.
260 _aSanto Domingo :
_bEditorial Tiempo,
_c1989.
300 _a33 p. ;
_c22 cm.
049 _aBNPD
999 _c27694
_d27694